000 00714nam a2200289Ia 4500
005 20260324131245.0
008 008 260324s9999 xx 000 0 eng d
020 _a9780203696934
037 _aEBOOK
040 _aCRL
040 _beng
040 _cCRL
041 _2eng
041 _aeng
084 _qCRL
100 _aPatricia Shaw; Ralph Stacey
_91184825
245 0 _aExperiencing Spontaneity, Risk & Improvisation in Organizational Life
245 0 _bWorking Live
260 _bTaylor and Francis
260 _c2006
365 _a
365 _b240
856 _uhttp://www.taylorfrancis.com/books/9780203696934
942 _cEBOOK
999 _c1781808
_d1781808